00183nam a22000737a 4500020001500000100002000015245004300035260003100078 a0590337343 aEzra Jack Keats aA Blue Ribbon Book: Over In The Meadow aNew YorkbScholasticc1971